| 000 | 00560nam a22001937a 4500 | ||
|---|---|---|---|
| 999 |
_c5567 _d5567 |
||
| 003 | AR-CdUCM | ||
| 008 | 190312b ||||| |||| 00| 0 spa d | ||
| 040 |
_aMUNICIPALIDAD PROVINCIAL DEL CUSCO _cBIBLIOTECA MUNICIPAL DEL CUSCO |
||
| 082 |
_a869.813 / _bSA12 |
||
| 100 |
_aSabat Ercasty, Carlos _916674 |
||
| 245 | _aPoemas del hombre / | ||
| 260 |
_aChile : _bCruz del Sur, _c1952. |
||
| 300 |
_a57 páginas ; _c17 cm. |
||
| 505 | _aContenido: v.5: libro del mar | ||
| 650 |
_aPoesía _9139 |
||
| 650 |
_aUruguay _92511 |
||
| 942 |
_2ddc _cLIBROS |
||
| 945 | _azta | ||